000 00828nam a2200277 a 4500
001 vtls001360250
003 NLI
005 20210627081502.0
008 120625n dcu f000 0 eng
039 9 _y201206251832
_zVLOAD
040 _aNLI
_beng
_cDatasoft_FOD_6
_eAACR2
041 0 _aeng
044 _a dcu
082 0 4 _a 557.3
110 1 _aUnited States.
_bDepartment of Interior
_9708872
245 1 0 _aGeologic time :
_bthe age of the Earth /
_cUnited States, Department of Interior
260 _aWashington, D. C. :
_bThe Department,
_c[n.d.]
300 _a20 p. ;
_c23 cm.
650 0 _aGeology
_zUnited States
_9710642
887 _a
901 _aAD 55928
_b07.04.1976
902 _aU.S 557.3 Un 3
904 _lC 5561
949 _AVIRTUAITEM
_D10002
_X100
_6FOD000055928ENG
942 _2ddc
_cBKS
999 _aVIRTUA40
_c719953
_d719953